000 00355nam a2200145Ia 4500
008 230917s9999||||xx |||||||||||||| ||und||
040 _e149843
_aMAIN
041 _aEnglish
082 _a515.35 B227D
100 _aBansal, J L
245 0 _aDifferential equations
260 _aJaipur
_bJaipur Publishing House
_c2004
300 _a584 p.
942 _cBK
999 _c142191
_d142191